Европа: Страны, столицы, валюты, языки и т.д. - Statistics

General Stats
  • This quiz has been taken 23 times
  • The average score is 163 of 292
Answer Stats
Страны Европы % Correct
евро
89%
Австрия
83%
Россия
83%
Вена
78%
Великобритания
78%
Германия
78%
Франция
78%
католическое христианство
72%
Беларусь
72%
белорусский рубль
72%
Бельгия
72%
английский
72%
Люксембург
72%
российский рубль
72%
Сербия
72%
немецкий
67%
Андорра
67%
русский
67%
православное христианство
67%
Болгария
67%
Босния и Герцеговина
67%
Ватикан
67%
Венгрия
67%
Испания
67%
Италия
67%
Косово
67%
Лихтенштейн
67%
Мальта
67%
Молдова
67%
Нидерланды
67%
Португалия
67%
Румыния
67%
Сан-Марино
67%
Словакия
67%
Словения
67%
Украина
67%
Хорватия
67%
Чехия
67%
Швейцария
67%
Швеция
67%
Албания
61%
Брюссель
61%
французский
61%
София
61%
Лондон
61%
Берлин
61%
Ирландия
61%
Исландия
61%
Мадрид
61%
Латвия
61%
Литва
61%
Монако
61%
Норвегия
61%
Польша
61%
Лиссабон
61%
Москва
61%
Северная Македония
61%
Финляндия
61%
Париж
61%
Черногория
61%
Стокгольм
61%
Минск
56%
фунт стерлингов
56%
Греция
56%
Дания
56%
датская крона
56%
исландская крона
56%
испанский
56%
Рим
56%
Приштина
56%
Кишинёв
56%
Амстердам
56%
норвежская крона
56%
португальский
56%
Братислава
56%
Киев
56%
гривна
56%
украинский
56%
чешская крона
56%
шведская крона
56%
Эстония
56%
1,302
56%
1,761
56%
1,773
56%
4,019
56%
4,027
56%
6,672
56%
9,185
56%
9,268
56%
9,456
56%
9,480
56%
9,928
56%
белорусский
50%
итальянский
50%
Будапешт
50%
Афины
50%
Копенгаген
50%
Дублин
50%
Рейкьявик
50%
протестантское христианство
50%
Рига
50%
Вильнюс
50%
литовский
50%
швейцарский франк
50%
румынский
50%
Осло
50%
Варшава
50%
Бухарест
50%
Белград
50%
Любляна
50%
Хельсинки
50%
финский
50%
Загреб
50%
Прага
50%
Берн
50%
Таллин
50%
0,0005
50%
0,036
50%
0,039
50%
0,040
50%
0,078
50%
0,355
50%
0,450
50%
0,633
50%
0,712
50%
10,188
50%
10,601
50%
10,745
50%
146,278
50%
2,098
50%
2,104
50%
2,474
50%
2,873
50%
3,264
50%
46,145
50%
5,005
50%
5,483
50%
5,711
50%
5,842
50%
5,936
50%
8,504
50%
Тирана
44%
албанский
44%
болгарский
44%
сербо-хорватский (хорватский)
44%
сербо-хорватский (сербский)
44%
венгерский
44%
греческий
44%
датский
44%
латышский
44%
норвежский
44%
злотый
44%
сербский динар
44%
шведский
44%
чешский
44%
12,053
44%
17,493
44%
18,367
44%
42,875
44%
исландский
39%
Вадуц
39%
Валлетта
39%
словенский
39%
Подгорица
39%
эстонский
39%
37,912
39%
Андорра-ла-Велья
33%
нидерландский
33%
Сараево
33%
конвертируемая марка
33%
ирландский
33%
мальтийский
33%
польский
33%
Скопье
33%
македонский
33%
словацкий
33%
сербо-хорватский (черногорский)
33%
60,775
33%
67,057
33%
70,409
33%
83,981
33%
атеизм
28%
суннитский ислам
28%
сербо-хорватский (боснийский)
28%
молдавский лей
28%
румынский лей
28%
Цюрих
22%
лек
17%
латинский
17%
форинт
17%
каталанский
11%
Шан
11%
люксембургский
11%
Биркиркара
11%
Серравалле
11%
денар
11%
Цетине
11%
романшский
6%
No matching quizzes found
Score Distribution
Percent of People with Each Score
Percentile by Number Answered
Your Score History
You have not taken this quiz